Hiperión: un fragmento
Gespeichert in:
| 1. Verfasser: | |
|---|---|
| Format: | Buch |
| Sprache: | Englisch Spanisch |
| Veröffentlicht: |
Madrid
Hiperión
2002
|
| Ausgabe: | 1a. ed |
| Schriftenreihe: | Poesía Hiperión, 428
|
| Schlagworte: | |
| Tags: |
Tag hinzufügen
Keine Tags, Fügen Sie den ersten Tag hinzu!
|
MARC
| LEADER | 00000cam a2200000 a 4500 | ||
|---|---|---|---|
| 001 | UCG9929 | ||
| 003 | CL-VaPUC | ||
| 008 | 120412e20020000SP |||||||||||||||||eng|d | ||
| 020 | |a 8475177174 | ||
| 041 | 0 | 7 | |a eng |2 CL-VaPUC |
| 041 | 0 | 7 | |a spa |2 CL-VaPUC |
| 082 | 0 | 4 | |a 821 |b KEA |2 21 |
| 100 | |a Keats, John |e author |9 326187 | ||
| 245 | 1 | 0 | |a Hiperión: un fragmento |
| 246 | 1 | 3 | |a La caída de Hiperión: un sueño |
| 250 | |a 1a. ed | ||
| 300 | |a 139 p | ||
| 942 | |c BK | ||
| 945 | |d 20120412 00:00:00 |a dcastane | ||
| 260 | |a Madrid |b Hiperión |c 2002 | ||
| 650 | 0 | |a Poesías inglesas |9 265094 | |
| 650 | 0 | |a Literatura inglesa |9 312907 | |
| 583 | |a last modification |c 20120412 10:24:00 |k Rodrigo Vera | ||
| 490 | 0 | |a Poesía Hiperión, 428 | |
| 999 | |c 347455 |d 347453 | ||
| 952 | |0 0 |1 0 |4 0 |6 821_000000000000000_KEA_2002 |7 0 |8 A |9 448792 |a BIBART |b BIBART |d 2019-11-22 |i 4858069 |o 821 KEA 2002 |p 4858069 |r 2025-03-13 |w 2019-11-22 |y BK |k ART | ||